Actividades económicas de las personas en la constitución.

Bibliographic Details
Main Author: Cumplido Cereceda, Francisco
Format: Libro
Language:English
Published: Santiago, Chile CPU 1995
Subjects:

MARC

LEADER 00000cam a2200000 a 4500
001 000130
003 UAHC_CL
005 20170803115620.0
008 011206b xx j 000 1 eng
040 |a UAHC_CL  |c UAHC_CL  |d UAHC_CL 
100 1 |a Cumplido Cereceda, Francisco 
245 1 0 |a Actividades económicas de las personas en la constitución. 
260 |b CPU  |c 1995  |a Santiago, Chile 
650 4 |a ECONOMIA 
942 |c BK 
999 |c 130  |d 130